1. FC Košice B

Bibliographic Details
Format: Article
Language:Slovak
Subjects:

MARC

LEADER 00000nab a2200000 a 4500
001 vtls000891566
003 SK-MaSNL
005 20260302170726.0
008 040720e19940000xo 0 slo
035 |a KE605 
040 |a KEVKJB  |b slo  |c KEVKJB  |e AACR2 
041 0 |a slo 
044 |a xo  |c SK 
080 |a 796.332  |2 1981 
245 0 0 |a 1. FC Košice B 
610 2 7 |a 1. FC Košice B  |2 KEVKJB  |9 873639 
650 0 7 |a futbal  |2 KEVKJB  |9 3291 
650 0 7 |a hráči  |2 KEVKJB  |9 873640 
650 0 7 |a úspechy  |2 KEVKJB  |9 873641 
650 0 7 |a údaje faktografické  |2 KEVKJB  |9 873642 
651 7 |a Košice (Slovensko)  |2 KEVKJB  |9 18694 
773 0 8 |t Futbal  |g Roč. 2  |g Roč. 28, č.7 (1994), s. 44-45 
852 |a ZVYKNI  |b KIS3GCP 
999 |c 1393621  |d 1395551